000 00312nam a2200145Ia 4500
100 _aJOSHI P.H.
650 _aPRODUCTION
942 _cBK
366 _f20
245 _aPRESS TOOLS DESIGN AND CONSTRUCTION
260 _bS.Chand
_aNew Delhi
_c2016
082 _a671.33/JOS
300 _a400
546 _aENGLISH
999 _c33367
_d33367